000 00760cab a2200229 4500
001 WB2716-43
008 090401t1991 xxu||||| |||| 00| 0 eng d
035 _a(Sirsi) u60834
041 _aeng
245 _aNHS Estates launched
260 _c1991
350 _a0
490 _aDoH Press Release
_vH91/168, 18 April 1991, 4 pages
520 _aA new Agency has been formed from the Department`s NHS Estates Directorate which is intended to give support to the development and management of health buildings .
650 _aESTATE MANAGEMENT
650 _aHEALTH BUILDING AGENCY
650 _aHOSPITAL BUILDING
650 _aNEXT STEPS AGENCY
690 _aMANAGEMENT-BUSINESS MANAGEMENT-PROFESSIONAL PRACTICE
942 _n0
948 _c04/03/1997
999 _c37610
_d37610